000 00595nam a22001697a 4500
003 OSt
005 20171010095457.0
008 120706t xxu||||| |||| 00| 0 eng d
040 _aMMSU
_cULS
100 _aAcosta, Rowena Leah D.
_910987
245 _aIsolation and characteriazation of protease producing bacteria from soil for de-staining purposes
_cEva Ramos Aceret
260 _c2008
300 _axv, 40 leaves
_c28 cm.
500 _aThesis (BS Biology) -- Mariano Marcos State University-College of Arts & Sciences, Batac City
504 _aBibliography: leaf 27
942 _2ddc
_cTHEDIS
999 _c9631
_d9631